| 000 | 00967nam a22002535a 4500 | ||
|---|---|---|---|
| 003 | OSt | ||
| 005 | 20170314141815.0 | ||
| 008 | 170313s2009 ua frb 000 0 ara d | ||
| 015 | _a2000 / 14915 | ||
| 020 | _a9770431028 | ||
| 040 |
_aEG-ScBUE _bara _cEG-ScBUE |
||
| 043 | _af-ua--- | ||
| 082 | 0 | 4 |
_a347.6209 _bح ش ي _222 |
| 100 | 1 | _aحشيش، أحمد محمد أحمد. | |
| 245 | 1 | 2 |
_aالقوة التنفيذية لحكم التحكيم : _bتمييزها - مفترضها - عناصرها - وقفها - إنقضاءها / _cأحمد محمد أحمد حشيش. |
| 260 |
_aالقاهرة : _bدار النهضة العربية، _c2013. |
||
| 300 |
_a187 ص. ؛ _c24 سم. |
||
| 504 | _aيشتمل على إرجاعات ببليوجرافية. | ||
| 650 | 7 |
_a التحكيم (قانون المرافعات) _2BUEsh _zمصر. |
|
| 650 | 7 |
_aالتحكيم القضائي _2BUEsh _zمصر. |
|
| 651 | _2BUEsh | ||
| 653 |
_bLLAAWW _cMarch2017 |
||
| 942 | _2ddc | ||
| 999 |
_c24424 _d24396 |
||